Japan in world economy; Japan’s foreign economic policy for the 1970’s, report of the Industrial Structure Council.

Wedi'i Gadw mewn:
Manylion Llyfryddiaeth
Fformat: Llyfr
Iaith:Undetermined
Cyhoeddwyd: Tokyo Ministry of International Trade and Industry 1972
Pynciau:
Tagiau: Ychwanegu Tag
Dim Tagiau, Byddwch y cyntaf i dagio'r cofnod hwn!
Thư viện lưu trữ: Trung tâm Học liệu Trường Đại học Cần Thơ
LEADER 00554nam a2200169Ia 4500
001 CTU_97145
008 210402s9999 xx 000 0 und d
082 |a 382.1 
082 |b J35 
245 0 |a Japan in world economy; Japan’s foreign economic policy for the 1970’s, report of the Industrial Structure Council. 
260 |a Tokyo 
260 |b Ministry of International Trade and Industry 
260 |c 1972 
650 |a Japan 
650 |x Foreign economic relations 
904 |i M.Loan 
980 |a Trung tâm Học liệu Trường Đại học Cần Thơ